Jak Ten Piłkarz ma na Imię? - Statystyki

Ogólne statystyki
  • Ten quiz został rozwiązany 106 razy
  • Średni wynik to 9 z 20
Statystyki odpowiedzi
Nazwisko Imię % Poprawnych
Kean Moise
90%
Iwobi Alex
82%
Mina Yerry
67%
Szoboszlai Dominik
60%
Fornals Pablo
60%
Tomori Fikayo
58%
Aarons Max
57%
Mkhitaryan Henrikh
51%
Kehrer Thilo
50%
Rashica Milot
49%
Malinovskyi Ruslan
48%
Saliba William
46%
Kabak Ozan
44%
Dendoncker Leander
34%
Holgate Mason
34%
Tsygankov Viktor
23%
Atal Youcef
22%
Haidara Amadou
21%
Maitland-Niles Ainsley
18%
Elmas Eljif
11%
Nie znaleziono quizów pasujących do podanych kryteriów
Rozkład punktacji
Procent ludzi z każdym wynikiem
Percentyl według liczby udzielonych odpowiedzi
Twoja historia wyników
Nie rozwiązałeś tego quizu